Landlord and peasant in Persia : (Record no. 45640)
[ view plain ]
| 000 -LEADER | |
|---|---|
| fixed length control field | 01360nam a2200325 a 4500 |
| 001 - CONTROL NUMBER | |
| control field | 45640 |
| 003 - CONTROL NUMBER IDENTIFIER | |
| rucl marc code | BD-RjUL |
| 005 - DATE AND TIME OF LATEST TRANSACTION | |
| control field | 20211209054040.0 |
| 008 - FIXED-LENGTH DATA ELEMENTS--GENERAL INFORMATION | |
| fixed length control field | 160727s1953 enka b 001 0 eng d |
| 035 ## - SYSTEM CONTROL NUMBER | |
| System control number | (BD-RjUL)45758 |
| 040 ## - CATALOGING SOURCE | |
| Original cataloging agency | BD-RjUL |
| Language of cataloging | eng |
| Transcribing agency | BD-RjUL |
| Modifying agency | BD-RjUL |
| 041 ## - LANGUAGE CODE | |
| Language code of text/sound track or separate title | eng |
| 082 ## - DEWEY DECIMAL CLASSIFICATION NUMBER | |
| Edition number | 23 |
| Classification number | 333.0955 |
| Author mark and year | LAL 1953 |
| 100 1# - MAIN ENTRY--PERSONAL NAME | |
| Personal name | Lambton, Ann K. S., |
| Dates associated with a name | 1912-2008 |
| 9 (RLIN) | 139707 |
| 245 10 - TITLE STATEMENT | |
| Title | Landlord and peasant in Persia : |
| Remainder of title | a study of land tenure and land revenue administration / |
| Statement of responsibility, etc. | Ann K.S. Lambton |
| 260 ## - PUBLICATION, DISTRIBUTION, ETC. (IMPRINT) | |
| Place of publication, distribution, etc. | London : |
| Name of publisher, distributor, etc. | Oxford University Press, |
| Date of publication, distribution, etc. | 1953 |
| 300 ## - PHYSICAL DESCRIPTION | |
| Pagination | xxxi, 459 p : |
| Illustrations | ill. ; |
| Size | 23 cm |
| 500 ## - GENERAL NOTE | |
| General note | "First published in 1953 by Oxford University Press under the auspices of the Royal Institute of International Affairs; reprinted in a revised edition in 1969"--T.p. verso |
| General note | Maps on lining papers |
| 504 ## - BIBLIOGRAPHY, ETC. NOTE | |
| Bibliography, etc | Includes bibliography (p. [411]-437) and index |
| 650 #0 - SUBJECT ADDED ENTRY--TOPICAL TERM | |
| Topical term or geographic name as entry element | Farm tenancy (Islamic law) |
| 9 (RLIN) | 139708 |
| Topical term or geographic name as entry element | Farm tenancy |
| Geographic subdivision | Iran |
| 9 (RLIN) | 139709 |
| Topical term or geographic name as entry element | Land tenure (Islamic law) |
| Geographic subdivision | Iran |
| 9 (RLIN) | 139710 |
| Topical term or geographic name as entry element | Land tenure |
| General subdivision | Law and legislation |
| Geographic subdivision | Iran |
| 9 (RLIN) | 139711 |
| Topical term or geographic name as entry element | Landlord and tenant (Islamic law) |
| Geographic subdivision | Iran |
| 9 (RLIN) | 139712 |
| Topical term or geographic name as entry element | Landlord and tenant |
| Geographic subdivision | Iran |
| 9 (RLIN) | 139713 |
| Topical term or geographic name as entry element | Real property tax (Islamic law) |
| 9 (RLIN) | 139714 |
| Topical term or geographic name as entry element | Real property tax |
| General subdivision | Law and legislation |
| Geographic subdivision | Iran |
| 9 (RLIN) | 139715 |
| 942 ## - ADDED ENTRY ELEMENTS (KOHA) | |
| Source of classification or shelving scheme | Dewey Decimal Classification |
| Koha item type | Books |
| Lost status | Source of classification or shelving scheme | Damaged status | Not for loan | Collection code | Permanent Location | Current Location | Shelving location | Date acquired | Source of acquisition | Cost, normal purchase price | Total Checkouts | Full call number | Date last seen | Date checked out | Copy number | Koha item type |
|---|---|---|---|---|---|---|---|---|---|---|---|---|---|---|---|---|
| Dewey Decimal Classification | Non-fiction | Central Library, University of Rajshahi | Central Library, University of Rajshahi | 05/10/1966 | A. I. Qurashi | 38.14 | 1 | 333.0955 LAL 1953 | 28/04/2025 | 06/03/2025 | C-2 | Books | ||||
| Dewey Decimal Classification | Non-fiction | Central Library, University of Rajshahi | Central Library, University of Rajshahi | 24/11/1955 | pub. limited | 34.20 | 333.0955 LAL 1953 | 30/07/2016 | C-3 | Books | ||||||
| Dewey Decimal Classification | Non-fiction | Central Library, University of Rajshahi | Central Library, University of Rajshahi | 25/05/1957 | Pub.United | 34.20 | 333.0955 LAL 1953 | 23/08/2016 | C-4 | Books | ||||||
| Dewey Decimal Classification | Non-fiction | Central Library, University of Rajshahi | Central Library, University of Rajshahi | 08/11/1956 | Blackwell | 2.50 | 333.0955 LAL 1953 | 28/09/2016 | C-5 | Books |